000 05360cam a22018134i 4500
003 PE-LiUPU
005 20250813165527.0
008 180716s2017 pe a r 000 0 spa d
020 _a9786123045333
035 _a(Sirsi) a249240
040 _aPE-LiUPU
_bspa
_cPE-LiUPU
_erda
049 _aPRUA
082 0 4 _a625.725
_bM2
_220
110 2 _aPerú.
_bDirección General de Caminos y Ferrocarriles.
_bDirección de Normatividad Vial.
245 1 0 _aManual de carreteras :
_bdiseño geométrico DG-2014.
250 _aPrimera edición.
264 1 _aLima :
_bMacro,
_c2017.
300 _a303 páginas :
_bilustraciones ;
_c25 centímetros
336 _atext
_2rdacontent
337 _aunmediated
_2rdamedia
338 _avolume
_2rdacarrier
505 0 _aGeneralidades -- Organización del manual -- Clasificación de las carreteras -- Clasificación por demanda -- Clasificación por orografía -- Criterios y controles básicos para el diseño geométrico -- Estudios preliminares para efectuar el diseño geométrico -- Vehículos de diseño -- Características del tránsito -- Velocidad de diseño -- Distancia de visibilidad -- Control de accesos -- Instalaciones al lado de la carretera -- Instalaciones fuera del derecho de vía -- Facilidades para peatones -- Valores estéticos y ecológicos -- Capacidad y niveles de servicio -- Diseño geométrico en planta, perfil y sección transversal -- Generalidades -- Diseño geométrico en planta -- Diseño geométrico en perfil -- Diseño geométrico de la sección transversal -- Diseño geométrico de casos especiales -- Diseño geométrico de puentes -- Diseño geométrico de túneles -- Pasos a desnivel para peatones -- Diseño geométrico de intersecciones -- Generalidades -- Intersecciones a nivel -- Intersecciones a desnivel -- Diseño geométrico de atravesamiento de zonas urbanas -- Coordinación del trazo en planta y perfil, y consistencia del diseño geométrico -- Coordinación del trazo en planta y perfil -- Consistencia del diseño geométrico -- Guía de contenido de los estudios definitivos de carreteras.
526 _aP203
526 _aP200
526 _aSEG65
526 _aSEG64
526 _aSEG63
526 _aSEG62
526 _aSEG61
526 _aSEG60
526 _aSEG59
526 _aSEG58
526 _aSEG57
526 _aSEG56
526 _aSEG55
526 _aSEG54
526 _aSEG53
526 _aSEG52
526 _aSEG51
526 _aSEG50
526 _aSEG49
526 _aSEG48
526 _aSEG47
526 _aSEG46
526 _aSEG24
526 _aSEG23
526 _aSEG22
526 _aSEG21
526 _aSEG20
526 _aSEG19
526 _aSEG18
526 _aSEG17
526 _aSEG16
526 _aSEG14
526 _aSEG13
526 _aSEG12
526 _aSEG11
526 _aSEG10
526 _aSEG09
526 _aSEG06
526 _aSEG05
526 _aSEG04
526 _aSEG03
526 _aSEG02
526 _aSEG68
526 _aSEG66
526 _aSEG45
526 _aSEG25
526 _aSEG01
526 _aP163
526 _aP162
526 _aP161
526 _aP160
526 _aP159
526 _aP158
526 _aP157
526 _aP156
526 _aP155
526 _aP154
526 _aP153
526 _aP152
526 _aP151
526 _aP150
526 _aP149
526 _aP142
526 _aP141
526 _aP140
526 _aP139
526 _aP138
526 _aP137
526 _aP132
526 _aP131
526 _aP130
526 _aP126
526 _aP125
526 _aP124
526 _aP123
526 _aP115
526 _aP122
526 _aP121
526 _aP116
526 _a P114
526 _aP112
526 _aP111
526 _aP104
526 _aP103
526 _aP102
526 _aP101
526 _aP100
526 _aP96
526 _aP95
526 _aP93
526 _aP92
526 _aP91
526 _aP88
526 _aP83
526 _aP82
526 _aP79
526 _aP78
526 _aP75
526 _aP74
526 _aP71
526 _aP69
526 _a P51
526 _aP49
526 _aP48
526 _aP47
526 _aP33
526 _aP31
526 _a P30
526 _aP29
526 _aP27
526 _aP26
526 _aP25
526 _aP24
526 _a P22
526 _aP10
526 _aP09
526 _a P08
526 _aP06
526 _aP05
526 _aP04
526 _aP01
541 _g001-0000120;
650 1 4 _aCarreteras
_xDiseño y construcción
_xNormas
_zPerú.
650 1 4 _aIngeniería de carreteras
_xNormas
_zPerú
_vManual.
650 2 4 _aCarreteras
_xDiseño y construcción
_zPerú.
710 2 _aPeru.
_bMinisterio de Transportes y Comunicaciones.
910 _adbm
_bcsm
_ccsm
_d20180716
942 _2ddc
_cBOOK
994 _aC0
_bPEPRU
596 _a1
999 _a625.725 M2 2017
_wDEWEY
_c28822
_i79114
_d28822
_e2019-10-6
_f2021-11-9
_g4
_lCCODEBUL1
_mBUL
_n2
_p10.10
_q1
_r0
_sY
_tBOOK
_u2018-7-16
_xINGENIERIA
_PP25
_0COMPRA
_1FCOMPRA
_o.STAFF. Colección Ingeniería y Arquitectura
980 _81
_gALBERTO SANCHEZ Responsable de Automatización